/رحلات ماركوبولو (Record no. 12416)
[ view plain ]
| 000 -LEADER | |
|---|---|
| fixed length control field | 00893nam a22001817a 4500 |
| 008 - FIXED-LENGTH DATA ELEMENTS--GENERAL INFORMATION | |
| fixed length control field | 090721t xxu||||| |||| 00| 0 eng d |
| 020 ## - INTERNATIONAL STANDARD BOOK NUMBER | |
| International Standard Book Number | 9772012391 |
| 082 ## - DEWEY DECIMAL CLASSIFICATION NUMBER | |
| Classification number | 910.4 |
| Item number | م ا ر |
| 245 ## - TITLE STATEMENT | |
| Title | /رحلات ماركوبولو |
| Statement of responsibility, etc | ترجمها الى الانجليزية ونشرها وليم مارسدن؛ ترجمها الى العربية عبد العزيز توفيق جاويد |
| 260 ## - | |
| -- | :القاهرة |
| -- | ،الهيئة المصرية العامة للكتاب |
| -- | 1977 |
| 300 3# - PHYSICAL DESCRIPTION | |
| Extent | 369؛ ص |
| Dimensions | 24 سم |
| 490 ## - SERIES STATEMENT | |
| Series statement | التاريخ- الجانب الآخر- اعادة قراءة للتاريخ المصرى |
| Volume number/sequential designation | ؛6 |
| 650 ## - SUBJECT ADDED ENTRY--TOPICAL TERM | |
| 9 (RLIN) | 8089 |
| 650 ## - SUBJECT ADDED ENTRY--TOPICAL TERM | |
| 9 (RLIN) | 8090 |
| Topical term or geographic name as entry element | الرحلات |
| 650 ## - SUBJECT ADDED ENTRY--TOPICAL TERM | |
| 9 (RLIN) | 8091 |
| 942 ## - ADDED ENTRY ELEMENTS (KOHA) | |
| Source of classification or shelving scheme | Dewey Decimal Classification |
| Koha item type | Book - Borrowing |
| Withdrawn status | Lost status | Source of classification or shelving scheme | Damaged status | Not for loan | Collection code | Home library | Current library | Shelving location | Date acquired | Source of acquisition | Total Checkouts | Full call number | Barcode | Date last seen | Price effective from | Koha item type |
|---|---|---|---|---|---|---|---|---|---|---|---|---|---|---|---|---|
| Dewey Decimal Classification | Alef-Baa | Central Library | Central Library | Second Floor | 27/07/2009 | 910.4 رحل | 000017717 | 15/07/2025 | 27/07/2009 | Book - Borrowing |